000 00740nam a2200289Ia 4500
005 20260324114445.0
008 008 260324s9999 xx 000 0 eng d
020 _a9781003292333
037 _aEBOOK
040 _aCRL
040 _beng
040 _cCRL
041 _2eng
041 _aeng
084 _qCRL
100 _aJ Satya Eswari; Nisha Suryawanshi
_91150845
245 0 _aOptimization of Sustainable Enzymes Production
245 0 _bArtificial Intelligence and Machine Learning Techniques
260 _bTaylor and Francis
260 _c2022
365 _a
365 _b200
856 _uhttp://www.taylorfrancis.com/books/9781003292333
942 _cEBOOK
999 _c1741051
_d1741051